Constructive and destructive role of a symbol as an object of cultural identity in the globalization process; Journal of Economics and Social Sciences; № 9

Bibliografiska uppgifter
Parent link:Journal of Economics and Social Sciences: electronic scientific journal.— , 2012-.— 2312-2978
№ 9.— 2017.— [3 p.]
Huvudupphovsman: Rusanova A. A. Anna Aleksandrovna
Institutionell upphovsman: National Research Tomsk Polytechnic University (TPU)
Sammanfattning:Title screen
The object of the present study presents problematic processes of globalization and cultural identity. The subject of study is the symbol as an object of cultural identity within the framework of the transformation of value-semantic sphere of the person under the influence of globalization. The author examines such aspect as the problem of "Westernization" of cultural property in Russia, which entails a correlation of values of the individual in accordance with the axiological and symbolic forms that are postulated by modern media. The author pays attention to the fact that in order to preserve the cultural identity and unity of Russian the society should pay attention to the processes of globalization, which have a certain set of templates and stamps, symbolic series and images that manipulate a person at a subconscious level, investing in the ideological structure of human specific patterns of behavior and thinking. The goal of the study is to analyze the symbol as an object of cultural identity in the globalization processes.
Språk:engelska
Publicerad: 2017
Serie:Социологические науки
Ämnen:
Länkar:http://earchive.tpu.ru/handle/11683/37937
Materialtyp: MixedMaterials Elektronisk Bokavsnitt
KOHA link:https://koha.lib.tpu.ru/cgi-bin/koha/opac-detail.pl?biblionumber=571336

MARC

LEADER 00000naa2a2200000 4500
001 571336
005 20231222155836.0
035 |a (RuTPU)RU\TPU\prd\269251 
035 |a RU\TPU\prd\269250 
090 |a 571336 
100 |a 20170208a2017 k y0rusy50 ba 
101 0 |a eng 
102 |a RU 
135 |a drcn ---uucaa 
181 0 |a i  
182 0 |a b 
200 1 |a Constructive and destructive role of a symbol as an object of cultural identity in the globalization process  |f A. Rusanova 
203 |a Text  |c electronic 
215 |a 1 файл (259 Кб) 
225 1 |a Социологические науки 
300 |a Title screen 
320 |a [References: 6 tit.] 
330 |a The object of the present study presents problematic processes of globalization and cultural identity. The subject of study is the symbol as an object of cultural identity within the framework of the transformation of value-semantic sphere of the person under the influence of globalization. The author examines such aspect as the problem of "Westernization" of cultural property in Russia, which entails a correlation of values of the individual in accordance with the axiological and symbolic forms that are postulated by modern media. The author pays attention to the fact that in order to preserve the cultural identity and unity of Russian the society should pay attention to the processes of globalization, which have a certain set of templates and stamps, symbolic series and images that manipulate a person at a subconscious level, investing in the ideological structure of human specific patterns of behavior and thinking. The goal of the study is to analyze the symbol as an object of cultural identity in the globalization processes. 
461 1 |0 (RuTPU)RU\TPU\prd\225573  |x 2312-2978  |t Journal of Economics and Social Sciences  |o electronic scientific journal  |d 2012- 
463 1 |0 (RuTPU)RU\TPU\prd\269246  |t № 9  |v [3 p.]  |d 2017 
610 1 |a труды учёных ТПУ 
610 1 |a электронный ресурс 
610 1 |a globalization 
610 1 |a values 
610 1 |a глобализация 
610 1 |a символы 
610 1 |a показатели 
610 1 |a европеизация 
700 1 |a Rusanova  |b A. A.  |c specialist in the field of organization of higher professional education  |c deputy head of educational-methodical department of Tomsk Polytechnic University  |f 1989-  |g Anna Aleksandrovna  |3 (RuTPU)RU\TPU\pers\37903  |9 20577 
712 0 2 |a National Research Tomsk Polytechnic University (TPU)  |3 (RuTPU)RU\TPU\col\18773 
801 1 |a RU  |b 63413507  |c 20090623  |g PSBO 
801 2 |a RU  |b 63413507  |c 20191205  |g PSBO 
856 4 |u http://earchive.tpu.ru/handle/11683/37937 
942 |c BK